| 000 | 00766nam a2200217Ia 4500 | ||
|---|---|---|---|
| 001 | 15203 | ||
| 003 | GE_BSU | ||
| 008 | 181216s||||||||xx |||||||||||||| ||und|| | ||
| 040 | _cGE_BSU | ||
| 080 | _a821.353.1-7 | ||
| 100 | _aშველიძე,ნიკო | ||
| 245 | _aაღარ ვარ ავად! | ||
| 245 | _bიუმორისტული მოთხრობები | ||
| 245 | _cრედ:მ.ვარდოსანიძე;მხატვ:ი.ვასილკოვსკი | ||
| 260 | _aთბილისი. | ||
| 260 | _bსაქ.კპ ცკ-ის გამ-ბა | ||
| 260 | _c1970 | ||
| 300 | _a156გვ;ილ;17სმ. | ||
| 653 | _aიუმორისტული მოთხრობები | ||
| 942 | _cBK | ||
| 999 |
_c48315 _d48315 |
||